From here to where? : Technology faith and the futurm man
Đã lưu trong:
| 主要作者: | |
|---|---|
| 格式: | 图书 |
| 语言: | Undetermined |
| 出版: |
Geneva
World Council of Churches
1970
|
| 主题: | |
| 标签: |
添加标签
没有标签, 成为第一个标记此记录!
|
| Thư viện lưu trữ: | Trung tâm Học liệu Trường Đại học Cần Thơ |
|---|
| LEADER | 00554nam a2200193Ia 4500 | ||
|---|---|---|---|
| 001 | CTU_79071 | ||
| 008 | 210402s9999 xx 000 0 und d | ||
| 082 | |a 215 | ||
| 082 | |b G475 | ||
| 100 | |a Gill, David M. | ||
| 245 | 0 | |a From here to where? : | |
| 245 | 0 | |b Technology faith and the futurm man | |
| 245 | 0 | |c David M. Gill | |
| 260 | |a Geneva | ||
| 260 | |b World Council of Churches | ||
| 260 | |c 1970 | ||
| 650 | |a Human ecology,Technology | ||
| 650 | |x Moraland ethical,Religious aspects | ||
| 980 | |a Trung tâm Học liệu Trường Đại học Cần Thơ | ||